000 00741nam a2200205 a 4500
003 SISC
005 20170302085049.0
008 130408s19uu xx 00 eng d
020 _a9789712356438
050 _aHF 5549
_b.P346 2011
100 _aPayos, Ranulfo P.
245 _aHuman resource management :
_bfrom the practitioner's point of view /
_cRanulfo P. Payos.
260 _aManila, Philippines :
_bRex Book Store,
_c2011.
300 _a265 pages :
_billustrations ;
_c25 cm.
500 _aIncludes bibliographical references and index.
650 _aPersonnel management.
650 _aHuman resource management.
942 _cBK
_2lcc
_kFOR
999 _c22471
_d22471